Giải thuật song song của rừng cây quyết định : Luận văn Thạc sĩ chuyên ngành Hệ thống thông tin

Nhằm nghiên cứu việc rút ngắn thời gian thực hiện của giải thuật rừng ngẫu nhiên để có thể khai thác một cách hiệu quả các cơ sở dữ liệu khổng lồ. Đề xuất để giải quyết vấn đè này là cài đặt song song giải thuật rừng ngẫu nhiê...

Descrizione completa

Salvato in:
Dettagli Bibliografici
Autore principale: Lý, Hoàng Trọng
Natura: Libro
Lingua:Undetermined
Pubblicazione: Cần Thơ Trường Đại học Cần Thơ 2011
Soggetti:
Tags: Aggiungi Tag
Nessun Tag, puoi essere il primo ad aggiungerne! !
Thư viện lưu trữ: Trung tâm Học liệu Trường Đại học Cần Thơ
LEADER 01280nam a2200217Ia 4500
001 CTU_171008
008 210402s9999 xx 000 0 und d
082 |a 005.73 
082 |b Tr431 
088 |a 60480104 
100 |a Lý, Hoàng Trọng 
245 0 |a Giải thuật song song của rừng cây quyết định : 
245 0 |b Luận văn Thạc sĩ chuyên ngành Hệ thống thông tin 
245 0 |c Lý Hoàng Trọng ; Đỗ Thanh Nghị (Hướng dẫn khoa học) 
260 |a Cần Thơ 
260 |b Trường Đại học Cần Thơ 
260 |c 2011 
520 |a Nhằm nghiên cứu việc rút ngắn thời gian thực hiện của giải thuật rừng ngẫu nhiên để có thể khai thác một cách hiệu quả các cơ sở dữ liệu khổng lồ. Đề xuất để giải quyết vấn đè này là cài đặt song song giải thuật rừng ngẫu nhiên dựa trên PC cluster, multicore và gird 
650 |a Dữ liệu cấu trúc ( khoa học máy tính),Data structures (Computer science),Algorithms,Giải thuật 
904 |i Tuyền, Hải 
980 |a Trung tâm Học liệu Trường Đại học Cần Thơ